Normal view
MARC view
- Munir, Safdar
Entry Personal Name
001 - CONTROL NUMBER
- control field: 130646
003 - CONTROL NUMBER IDENTIFIER
- control field: NUST
005 - DATE AND TIME OF LATEST TRANSACTION
- control field: 20250923155302.0
008 - FIXED-LENGTH DATA ELEMENTS
- fixed length control field: 250923|| aca||aabn | a|a d
040 ## - CATALOGING SOURCE
- Original cataloging agency: NUST
- Transcribing agency: NUST
100 ## - HEADING--PERSONAL NAME
- Personal name: Munir, Safdar
670 ## - SOURCE DATA FOUND
- Source citation: Work cat.: (NUST): Munir, Safdar , Long-Term Temperature Forecasting using Deep Learning and Extreme Indices Computation /
